English Grammar in Use /

Guardado en:
Detalles Bibliográficos
Autor principal: Murphy, Raymond (Autor)
Formato: Libro
Lenguaje:inglés
Publicado: Cambridge : Cambridge University Press, 2019
Edición:Fifth Edition
Etiquetas: Agregar Etiqueta
Sin Etiquetas, Sea el primero en etiquetar este registro!

MARC

LEADER 00000nam a22000003a 4500
001 0140411
003 SK-STU
005 20260309103727.0
007 ta
008 260309s ----xo-----e------000-0-----d
020 |a 978-1-108-45765-1 
040 |a STU  |b slo 
041 0 |a eng 
044 |a xxk 
100 1 |a Murphy, Raymond  |4 aut 
245 1 0 |a English Grammar in Use /  |c aut. Raymond Murphy 
250 |a Fifth Edition 
260 |a Cambridge :  |b Cambridge University Press,  |c 2019 
300 |a 380 s. 
996 |b 284EK91204  |c E* 91204  |l EE01  |s A  |a 24  |w 0140411_0001